[Event "Accra zt 4.4"]
[Site "Accra"]
[Date "2019.04.21"]
[Round "1"]
[White "Ubiedi, Stanley"]
[Black "James, Tondo"]
[Result "0-1"]
[WhiteElo "1520"]
[BlackElo "1923"]
[PlyCount "64"]
[EventDate "2019.04.21"]
[EventType "swiss"]
[EventRounds "9"]
[EventCountry "GHA"]
[SourceTitle "EXT 2020"]
[Source "ChessBase"]
[SourceDate "2019.10.17"]
[SourceVersion "1"]
[SourceVersionDate "2019.10.17"]
[SourceQuality "1"]

1. e4 d6 2. Nf3 Nf6 3. Nc3 g6 4. Bc4 Bg7 5. d4 0-0 6. 0-0 a6 7. Re1 Nc6 8. d5 Na5 9. Bd3 c5 10. Bd2 b5 11. a3 e6 12. b4 Nb7 13. Rb1 Qc7 14. a4 bxa4 15. dxe6 Bxe6 16. Nxa4 c4 17. Bf1 Qc6 18. Nc3 Nd7 19. b5 axb5 20. Nxb5 Bg4 21. Bf4 Ra6 22. Nfd4 Bxd1 23. Nxc6 Bxc2 24. Ne7+ Kh8 25. Rbc1 Bd3 26. Bxd3 cxd3 27. Rc7 Ndc5 28. Nxd6 d2 29. Rb1 Nxd6 30. Rxc5 Nxe4 31. Rc2 Nc3 32. Bxd2 Nxb1 0-1